[Event "Ch Hungary"]
[Site "masterchessopen.com – Budapest (Hungary)"]
[Round "0"]
[White "Lengyel Levente (HUN)"]
[Black "Pogats Jozsef (HUN)"]
[Result "1-0"]
[WhiteElo "2293"]
[BlackElo "2230"]

1.c4 Nf6 2.g3 e6 3.Bg2 d5 4.Nf3 Be7 5.d4 O-O 6.O-O Nbd7 7.Qc2 c6 8.Bf4 Ne4
9.Nc3 f5 10.Rab1 a5 11.Rfd1 Qe8 12.Ne1 g5 13.Bc1 Qh5 14.Nxe4 fxe4 15.f3 Nf6
16.Qd2 h6 17.b3 Bd6 18.Nc2 Bc7 19.Ne3 Bd7 20.Rf1 exf3 21.Bxf3 Qh3 22.Ba3 Rf7
23.Qd3 Kg7 24.Bg4 {#r} 1-0

[Event "Memorial Asztalos"]
[Site "masterchessopen.com – Szombathely (Hungary)"]
[Round "1"]
[White "Bilek Istvan (HUN)"]
[Black "Csom Istvan (HUN)"]
[Result "1-0"]
[WhiteElo "2375"]
[BlackElo "2426"]

1.Nf3 Nf6 2.g3 d5 3.Bg2 e6 4.O-O Be7 5.d4 O-O 6.c4 Nbd7 7.Qc2 b6 8.Nc3 Bb7
9.cxd5 Nxd5 10.Nxd5 Bxd5 11.e4 Bb7 12.Rd1 Nf6 13.Ng5 Nd5 14.Nh3 Nb4 15.Qb3 a5
16.Be3 Qd7 17.a3 a4 18.Qc3 Nc6 19.d5 Rfd8 20.Nf4 Qd6 21.Qc2 Na5 22.dxe6 Qc6
23.exf7+ Kxf7 24.Qe2 Rxd1+ 25.Rxd1 Qc4 26.Qg4 {#r} 1-0

[Event "Ch Leningrad (1/2 final)"]
[Site "masterchessopen.com – Leningrad (Russia)"]
[Round "0"]
[White "Radashkovich Itchak (ISR)"]
[Black "Dan S"]
[Result "1-0"]
[WhiteElo "2395"]
[BlackElo "2015"]

1.d4 Nf6 2.c4 e6 3.g3 d5 4.Nf3 Be7 5.Bg2 O-O 6.O-O Nbd7 7.Qc2 Re8 8.b3 c6
9.Bb2 b6 10.Nc3 Bb7 11.Rac1 Rc8 12.Qb1 Qc7 13.cxd5 exd5 14.Ne5 Nxe5 15.dxe5
Qxe5 16.Nxd5 Qd6 17.Nf4 Qb8 18.e4 c5 19.e5 Bxg2 20.exf6 Bxf1 21.fxe7 Ba6
22.Bxg7 Kxg7 23.Qb2+ f6 24.Nh5+ Kg6 25.Qxf6+ Kxh5 26.f3 Rg8 27.g4+ Rxg4+
28.fxg4+ Kxg4 29.Rc3 Rg8 30.Rg3+ Qxg3+ 31.hxg3 Kxg3 32.e8=Q Rxe8 33.Qg5+ {#r}
1-0

[Event "?"]
[Site "masterchessopen.com – Yugoslavia"]
[Round "0"]
[White "Bertok Mario (CRO)"]
[Black "Musil Vojko (SLO)"]
[Result "1-0"]
[WhiteElo "2282"]
[BlackElo "2340"]

1.Nf3 Nf6 2.g3 d5 3.Bg2 e6 4.O-O Be7 5.c4 O-O 6.d4 Nbd7 7.Qc2 c6 8.b3 b6 9.Bb2
Bb7 10.Nc3 Rc8 11.Rad1 Qc7 12.e4 dxe4 13.Nxe4 Nxe4 14.Qxe4 c5 15.Qe2 Bf6
16.Rd2 Rfd8 17.Rfd1 Nf8 18.h4 cxd4 19.Bxd4 Bxd4 20.Nxd4 Bxg2 21.Kxg2 a6 22.Qe4
Rd7 23.Nxe6 Rxd2 24.Nxc7 Rxd1 25.Nd5 Rd8 26.Qe7 Rb8 27.Qd6 Re8 28.Nf6+ {#r}
1-0

[Event "?"]
[Site "masterchessopen.com – Madrid (Spain)"]
[Round "0"]
[White "Keene Raymond D (ENG)"]
[Black "Robatsch Karl (AUT)"]
[Result "1-0"]
[WhiteElo "2465"]
[BlackElo "2460"]

1.c4 Nf6 2.Nf3 e6 3.g3 d5 4.Bg2 Be7 5.O-O O-O 6.d4 Nbd7 7.Qc2 b6 8.Nc3 Bb7
9.cxd5 Nxd5 10.Nxd5 Bxd5 11.e4 Bb7 12.Bf4 c5 13.d5 exd5 14.exd5 Bf6 15.h4 Re8
16.Ng5 Nf8 17.Rad1 Bd4 18.Be3 h6 19.Ne4 Bxe3 20.fxe3 Ng6 21.Rxf7 Kxf7 22.Rf1+
Ke7 23.d6+ Kd7 24.Rf7+ Ne7 25.Qa4+ Kc8 26.d7+ Qxd7 27.Bh3 {#r} 1-0

[Event "?"]
[Site "masterchessopen.com – Smederevska Palanka (Yugoslavia)"]
[Round "0"]
[White "Smejkal Jan (CZE)"]
[Black "Padevsky Nikola (BUL)"]
[Result "1-0"]
[WhiteElo "2515"]
[BlackElo "2460"]

1.c4 Nf6 2.g3 e6 3.Bg2 d5 4.Nf3 Be7 5.O-O O-O 6.d4 Nbd7 7.Qc2 c6 8.b3 b6 9.Bb2
Bb7 10.Nc3 Rc8 11.Rad1 Qc7 12.e4 Nxe4 13.Nxe4 dxe4 14.Qxe4 c5 15.d5 Bf6 16.Qc2
exd5 17.cxd5 Bxb2 18.Qxb2 Rcd8 19.d6 Qb8 20.Nh4 g6 21.Rfe1 f6 22.Bxb7 Qxb7
23.Re7 Qc6 24.Qe2 Ne5 25.Rc7 Qa8 26.f4 Nf7 27.Qe7 Rde8 28.Qxf6 Qe4 29.Re7 Rxe7
30.dxe7 Qe3+ 31.Kf1 {#r} 1-0

[Event "Ch Poland"]
[Site "masterchessopen.com – Gdynia (Poland)"]
[Round "9"]
[White "Adamski Jan (POL)"]
[Black "Kostro Jerzy (POL)"]
[Result "1-0"]
[WhiteElo "2410"]
[BlackElo "2385"]

1.c4 e6 2.g3 d5 3.Bg2 Nf6 4.Nf3 Be7 5.O-O O-O 6.d4 Nbd7 7.Qc2 c6 8.b3 b6 9.Rd1
Ba6 10.Nbd2 c5 11.e4 cxd4 12.Nxd4 Rc8 13.exd5 exd5 14.Bb2 Bc5 15.Qf5 dxc4
16.Nxc4 b5 17.Nc6 Qc7 18.Bxf6 Nxf6 19.Qxc5 bxc4 20.Qa3 Bb5 21.Ne7+ Kh8 22.Nxc8
Rxc8 23.bxc4 Bxc4 24.Rac1 {#r} 1-0

[Event "It (open)"]
[Site "masterchessopen.com – Imperia (Italy)"]
[Round "0"]
[White "Schneiders A (NED)"]
[Black "Jaeger Laszlo (HUN)"]
[Result "1-0"]
[WhiteElo "2163"]
[BlackElo "1878"]

1.d4 Nf6 2.c4 e6 3.g3 d5 4.Nf3 Be7 5.Bg2 O-O 6.O-O Nbd7 7.Qc2 c6 8.b3 Re8
9.Bb2 Bf8 10.Nc3 g6 11.Rfe1 Bg7 12.Rad1 Qa5 13.e4 dxe4 14.Nxe4 Nxe4 15.Rxe4 e5
16.dxe5 Nc5 17.Bc3 Qc7 18.Ree1 Bf5 19.Qe2 Rad8 20.Rxd8 Qxd8 21.h3 Qc8 22.g4
Bd7 23.Qe3 b6 24.Nd2 f6 25.f4 fxe5 26.Bxe5 g5 27.Be4 gxf4 28.Bxf4 Ne6 29.Nf3
Nxf4 30.Qxf4 Rf8 31.Qg5 Qc7 32.Kg2 Qd8 33.Bxh7+ Kxh7 34.Re7 {#r} 1-0

[Event "corr."]
[Site "masterchessopen.com – DDR"]
[Round "0"]
[White "Sobeck Guenter (GER)"]
[Black "Ketzscher Roland (GER)"]
[Result "1-0"]
[WhiteElo "2097"]
[BlackElo "2085"]

1.c4 Nf6 2.Nf3 e6 3.g3 d5 4.Bg2 Be7 5.O-O O-O 6.d4 Nbd7 7.Qc2 c6 8.b3 b6 9.Bb2
a5 10.Ne5 Bb7 11.Nd2 Rc8 12.e4 Qc7 13.Rac1 Qb8 14.Nxd7 Nxd7 15.f4 c5 16.exd5
exd5 17.Qf5 Nf6 18.Rfe1 Rfe8 19.cxd5 Rcd8 20.Ne4 Nxd5 21.dxc5 Nb4 22.Nd6 Bxd6
23.Rxe8+ Rxe8 24.cxd6 Re6 25.d7 Bc6 26.Bxc6 Rxc6 27.Re1 {#r} 1-0

[Event "Ch DDR"]
[Site "masterchessopen.com – Potsdam (Germany)"]
[Round "1"]
[White "Espig Lutz (GER)"]
[Black "Moehring Guenther (GER)"]
[Result "1-0"]
[WhiteElo "2346"]
[BlackElo "2450"]

1.Nf3 Nf6 2.c4 e6 3.g3 d5 4.Bg2 Be7 5.O-O O-O 6.d4 Nbd7 7.Qc2 c5 8.cxd5 Nxd5
9.Nc3 Nb4 10.Qb3 cxd4 11.Nxd4 Qb6 12.Be3 Nc5 13.Qc4 Bd7 14.a3 Nc6 15.b4 Ne5
16.Qa2 Ng4 17.bxc5 Bxc5 18.Rab1 Qd8 19.Nc6 Bxc6 20.Bxc5 Bxg2 21.Kxg2 {#r} 1-0

[Event "Memorial V.Goglidze"]
[Site "masterchessopen.com – Tbilisi (Georgia)"]
[Round "5"]
[White "Sznapik Aleksander (POL)"]
[Black "Ubilava Elizbar (ESP)"]
[Result "0-1"]
[WhiteElo "2397"]
[BlackElo "2527"]

1.c4 Nf6 2.Nf3 e6 3.g3 d5 4.Bg2 Be7 5.O-O O-O 6.d4 Nbd7 7.Qc2 c6 8.Rd1 b6 9.b3
Bb7 10.Nc3 c5 11.cxd5 exd5 12.Bb2 Rc8 13.dxc5 Rxc5 14.Qd2 Re8 15.Nd4 Bf8
16.Nf5 d4 17.Nxd4 Bxg2 18.Kxg2 Rh5 19.Nf3 Qa8 20.Rac1 Ne5 21.Qf4 Qc8 22.h4 Qb7
23.Rc2 Ng6 24.Qa4 b5 25.Qd4 b4 26.Kg1 bxc3 27.Qxc3 Rd5 28.Rdc1 Qa6 29.Kf1 Ne4
30.Qc4 Qe6 31.Kg2 Qg4 32.e3 Rf5 33.Qe2 Rxf3 {#R} 0-1

[Event "It (open)"]
[Site "masterchessopen.com – Hallsberg (Sweden)"]
[Round "1"]
[White "Petursson Margeir (ISL)"]
[Black "Doucet Christian (FRA)"]
[Result "1-0"]
[WhiteElo "2540"]
[BlackElo "2241"]

1.c4 Nf6 2.Nf3 e6 3.g3 d5 4.Bg2 Be7 5.O-O O-O 6.d4 Nbd7 7.Qc2 c6 8.b3 Ne4
9.Nfd2 f5 10.Nxe4 fxe4 11.f3 Bf6 12.Bb2 exf3 13.Bxf3 Qb6 14.Qd2 dxc4 15.bxc4
Ne5 16.c5 Nxf3+ 17.Rxf3 Qc7 18.Nc3 Bd7 19.Ne4 Be7 20.Raf1 h6 21.Nd6 b6 22.Nf7
Rae8 23.Qc2 Bg5 24.Qg6 Qb8 25.Nxg5 hxg5 26.Rf7 {#r} 1-0

[Event "It"]
[Site "masterchessopen.com – Vancouver (Canada)"]
[Round "1"]
[White "Harper Bruce (CAN)"]
[Black "Kiviaho Bob (CAN)"]
[Result "1-0"]
[WhiteElo "2330"]
[BlackElo "2169"]

1.d4 d5 2.c4 e6 3.g3 Nf6 4.Bg2 Be7 5.Nf3 O-O 6.O-O Nbd7 7.Qc2 c6 8.b3 Bd6
9.Bb2 Ne4 10.Ne5 f5 11.e3 Qf6 12.f4 Qe7 13.Nc3 Ndf6 14.Nxe4 Nxe4 15.g4 Bd7
16.g5 Be8 17.Bf3 h6 18.h4 hxg5 19.hxg5 Nxg5 20.fxg5 Qxg5+ 21.Kf2 f4 22.Rh1
fxe3+ 23.Ke2 Rxf3 24.Qh7+ Kf8 25.Kxf3 Bxe5 26.dxe5 Bg6 27.Qh3 Kg8 28.Qxe6+ Bf7
29.Qg4 Qxg4+ 30.Kxg4 dxc4 31.Rae1 cxb3 32.Rxe3 bxa2 33.e6 Bg6 34.Reh3 {#r} 1-0

[Event "It (open)"]
[Site "masterchessopen.com – Brilon (Germany)"]
[Round "6"]
[White "Weber Franz-Josef (GER)"]
[Black "Schmidt Wlodzimierz (POL)"]
[Result "0-1"]
[WhiteElo "2108"]
[BlackElo "2505"]

1.Nf3 Nf6 2.c4 e6 3.g3 Be7 4.Bg2 d5 5.d4 Nbd7 6.Qc2 O-O 7.O-O c5 8.cxd5 Nxd5
9.Rd1 b6 10.dxc5 Nxc5 11.a3 Bd7 12.Nc3 Nxc3 13.Qxc3 Bf6 14.Ne5 Rc8 15.Qe3 Qc7
16.Nxd7 Nxd7 17.Be4 Rfd8 18.Rb1 Ne5 19.Rxd8+ Qxd8 20.Qb3 Qd4 21.Bc2 Ng4 22.e3
Qc5 23.h3 Nxf2 24.Kxf2 Qxc2+ 25.Qxc2 Rxc2+ 26.Kf3 Rh2 27.h4 Be5 28.e4 Rh1
29.Kg2 Re1 30.Bf4 Rxb1 31.Bxe5 h5 32.Bc3 Rd1 {#R} 0-1

[Event "Ch Iceland"]
[Site "masterchessopen.com – Reykjavik (Iceland)"]
[Round "3"]
[White "Sigurjonsson Gudmundur (ISL)"]
[Black "Johannsson Ingi R (ISL)"]
[Result "1-0"]
[WhiteElo "2440"]
[BlackElo "2410"]

1.Nf3 Nf6 2.g3 e6 3.Bg2 Be7 4.O-O d5 5.d4 O-O 6.c4 Nbd7 7.Qc2 c6 8.Rd1 Ne4
9.Nbd2 f5 10.b3 Qe8 11.Bb2 Qh5 12.e3 Ndf6 13.Ne5 Nxf2 14.Kxf2 Qxh2 15.Rg1 Ng4+
16.Kf3 Bg5 17.Rae1 Nxe3 18.Rxe3 f4 19.Ree1 fxg3+ 20.Ke2 Rf2+ 21.Kd1 Rxd2+
22.Qxd2 Bxd2 23.Kxd2 b6 24.Nxc6 Qh6+ 25.Kc2 Bb7 26.Ne7+ Kh8 27.Rgf1 Re8
28.cxd5 Qh2 29.Ng6+ Kg8 30.Nf4 Rc8+ 31.Kb1 exd5 32.Rh1 {#r} 1-0

[Event "Olympiad URS"]
[Site "masterchessopen.com – Moscow (Russia)"]
[Round "0"]
[White "Butnorius Algimantas (LTU)"]
[Black "Ilinsky Vladimir (KGZ)"]
[Result "0-1"]
[WhiteElo "2388"]
[BlackElo "2291"]

1.Nf3 Nf6 2.c4 e6 3.d4 d5 4.g3 Be7 5.Bg2 O-O 6.O-O Nbd7 7.Qc2 c6 8.Rd1 b6 9.b3
Ba6 10.Nc3 Rc8 11.e4 dxc4 12.Bf4 h6 13.Nd2 b5 14.bxc4 bxc4 15.Qa4 Bb5 16.Nxb5
Nb6 17.Qxa7 cxb5 18.Qa6 Na4 19.d5 exd5 20.exd5 Bc5 21.Nxc4 Nc3 22.Ne3 Ne2+
23.Kh1 Nxf4 24.gxf4 Bxe3 25.fxe3 Ng4 26.Rd2 Qh4 27.Bf3 Nxe3 28.Qxb5 Qxf4
29.Qe2 Rc3 30.Bg2 Rfc8 31.Re1 Ng4 32.Bf1 Re3 33.Qxg4 Qxg4 34.Rxe3 Qf4 {#R} 0-1

[Event "It (open) (juniors) (under 20)"]
[Site "masterchessopen.com – Budapest (Hungary)"]
[Round "1"]
[White "Fodor Miklos (HUN)"]
[Black "Posa Norbert (HUN)"]
[Result "1-0"]
[WhiteElo "2290"]
[BlackElo "2128"]

1.d4 d5 2.c4 e6 3.Nf3 Nf6 4.g3 Be7 5.Bg2 O-O 6.O-O Nbd7 7.Qc2 Ne4 8.Nc3 Ndf6
9.Ne5 Nxc3 10.bxc3 c6 11.Bf4 Nh5 12.Bd2 f6 13.Nf3 f5 14.a4 Nf6 15.a5 Bd6
16.Bf4 Bxf4 17.gxf4 Rb8 18.Rfb1 dxc4 19.e3 Nd5 20.Ne5 Qc7 21.Nxc4 c5 22.Qb3
cxd4 23.cxd4 Bd7 24.Bxd5 exd5 25.Ne5 Qd6 26.Qb4 Qxb4 27.Rxb4 Bc6 28.a6 Rfc8
29.axb7 Bxb7 30.Nd7 {#r} 1-0

[Event "?"]
[Site "masterchessopen.com – Dortmund (Germany)"]
[Round "4"]
[White "Herrmann Michael (GER)"]
[Black "Hustert Dirk"]
[Result "0-1"]
[WhiteElo "2242"]
[BlackElo "2080"]

1.Nf3 d5 2.d4 Nf6 3.c4 e6 4.g3 Be7 5.Bg2 O-O 6.O-O Nbd7 7.Qc2 c6 8.a3 a5 9.c5
b6 10.cxb6 Qxb6 11.Nc3 c5 12.Rd1 Ba6 13.dxc5 Nxc5 14.Nd4 Bc4 15.Rb1 Nb3 16.e3
Rac8 17.Bf1 Nxd4 18.Rxd4 Bxf1 19.Kxf1 e5 20.Rd3 d4 21.exd4 exd4 22.Na4 Qe6
23.Qd1 Qh3+ 24.Ke2 Rfe8 25.Qh1 Bb4+ 26.Be3 dxe3 27.axb4 exf2+ 28.Kxf2 Rc2+
29.Kg1 h5 30.Rc3 Rd2 31.Qf3 Qxh2+ 32.Kf1 Ng4 {#R} 0-1

[Event "Ch Finland (juniors)"]
[Site "masterchessopen.com – Finland"]
[Round "0"]
[White "Pukkila Markku (FIN)"]
[Black "Lammi Jyri (FIN)"]
[Result "1-0"]
[WhiteElo "2195"]
[BlackElo "2152"]

1.d4 Nf6 2.c4 e6 3.g3 d5 4.Bg2 Be7 5.Nf3 O-O 6.O-O Nbd7 7.Qc2 c5 8.cxd5 Nxd5
9.a3 cxd4 10.Nxd4 Bc5 11.Rd1 Qb6 12.e3 N7f6 13.b4 Bxd4 14.Rxd4 a5 15.Rh4 Bd7
16.Bb2 Rfc8 17.Qd2 axb4 18.e4 bxa3 19.Bd4 Qc6 20.exd5 Qc1+ 21.Bf1 g5 22.Rh6
Qxd2 23.Nxd2 Ng4 24.Rh5 f6 25.h3 e5 26.Bb6 Ra6 27.Bxa6 bxa6 28.hxg4 Rc2 29.Ne4
Kg7 30.Rxa3 Bxg4 31.Rh2 Rb2 32.Bd8 Bf3 33.Rxf3 {#r} 1-0

[Event "Memorial Hodzhaev"]
[Site "masterchessopen.com – Tashkent (Uzbekistan)"]
[Round "0"]
[White "Tashkhodzhaev A (UZB)"]
[Black "Shabanov Yuri (RUS)"]
[Result "1-0"]
[WhiteElo "2200"]
[BlackElo "2410"]

1.d4 d5 2.c4 e6 3.Nf3 Nf6 4.g3 Nbd7 5.Bg2 Be7 6.O-O O-O 7.Qc2 c6 8.Bf4 b6
9.cxd5 cxd5 10.Bc7 Qe8 11.Nc3 Bb7 12.Rfc1 Nb8 13.a4 Nc6 14.Nb5 Qd7 15.Ne5 Nxe5
16.Bxe5 Rfc8 17.Qb3 Bc6 18.Rc3 Ne8 19.Rac1 a6 20.Nc7 Bxa4 21.Qxb6 Nxc7 22.Bxc7
Bd8 23.e4 Rab8 24.Qa5 dxe4 25.Bxb8 Bxa5 26.Rxc8+ Bd8 27.Ba7 Qe8 28.Bb6 Bxb6
29.Rxe8+ Bxe8 30.Rc8 Kf8 31.Bxe4 Ke7 32.Bc6 {#r} 1-0

[Event "It"]
[Site "masterchessopen.com – Rostock (Germany)"]
[Round "8"]
[White "Poldauf Dirk (GER)"]
[Black "Balicki Cezary (POL)"]
[Result "1-0"]
[WhiteElo "2385"]
[BlackElo "2285"]

1.c4 e6 2.g3 d5 3.Bg2 Nf6 4.Nf3 Be7 5.O-O O-O 6.d4 Nbd7 7.Qc2 c6 8.b3 Ne4
9.Nbd2 f5 10.Ne1 Qe8 11.Ndf3 Qh5 12.Nd3 g5 13.Rb1 Ndf6 14.Nfe5 Bd7 15.c5 Ng4
16.Nxg4 fxg4 17.Bxe4 dxe4 18.Ne5 Be8 19.Qxe4 Bg6 20.Nxg6 Qxg6 21.Qxg6+ hxg6
22.b4 Bf6 23.Be3 b5 24.cxb6 axb6 25.Rfc1 Rfc8 26.b5 cxb5 27.Rxc8+ Rxc8 28.Rxb5
Rc6 29.d5 exd5 30.Rxb6 Rxb6 31.Bxb6 Kf7 32.a4 {#r} 1-0

[Event "Tournament"]
[Site "masterchessopen.com – Athens (Greece)"]
[Round "0"]
[White "Nika Katerina (GRE)"]
[Black "Botsari Anna-Maria (GRE)"]
[Result "0-1"]
[WhiteElo "2031"]
[BlackElo "2313"]

1.c4 e6 2.Nf3 d5 3.g3 Nf6 4.Bg2 Be7 5.O-O O-O 6.d4 Nbd7 7.Qc2 c6 8.Rd1 b6 9.a4
Bb7 10.a5 c5 11.a6 Bc6 12.Ne5 Nxe5 13.dxe5 Ne8 14.cxd5 exd5 15.Nc3 Nc7 16.Qd2
Qb8 17.Qc2 Rd8 18.Qf5 Qc8 19.Qh5 Qe6 20.Bh3 Qg6 21.Qf3 d4 22.e4 dxc3 23.Rxd8+
Rxd8 24.Bf5 cxb2 25.Bxb2 Qh6 26.Bc1 Bg5 27.Bb2 g6 28.Bg4 Qf8 29.h4 Bh6 {#R}
0-1

[Event "?"]
[Site "masterchessopen.com – Dortmund (Germany)"]
[Round "0"]
[White "Schebler Gerhard (GER)"]
[Black "Kohnert Andreas (GER)"]
[Result "0-1"]
[WhiteElo "2449"]
[BlackElo "2220"]

1.d4 Nf6 2.c4 e6 3.Nf3 d5 4.g3 Be7 5.Bg2 O-O 6.Qc2 Nbd7 7.O-O c5 8.dxc5 Nxc5
9.Nbd2 b6 10.b4 Nce4 11.Nxe4 Nxe4 12.cxd5 exd5 13.Nd4 Bb7 14.Qb2 Bf6 15.Be3
Qe7 16.Rac1 Rac8 17.Bh3 Rc4 18.a3 Qe5 19.Rfd1 Qh5 20.Bd7 Nd6 21.Qd2 Rd8 22.Ba4
Qh3 23.Nc6 Rc8 24.Qxd5 R4xc6 25.Bxc6 Bxc6 26.Qxc6 Rxc6 27.Rxc6 Ne4 28.Rc7 h5
29.Rxa7 h4 30.Bd4 hxg3 31.fxg3 Nxg3 32.hxg3 Qxg3+ 33.Kf1 Qf4+ {#R} 0-1

[Event "Olympiad"]
[Site "masterchessopen.com – Salonika (Greece)"]
[Round "0"]
[White "Jussupow Artur (GER)"]
[Black "Beitar Hanni (SYR)"]
[Result "1-0"]
[WhiteElo "2620"]
[BlackElo "2266"]

1.d4 Nf6 2.c4 e6 3.Nf3 d5 4.g3 Be7 5.Bg2 O-O 6.O-O Nbd7 7.Qc2 c6 8.b3 b6 9.Rd1
Bb7 10.Nc3 Rc8 11.e4 dxe4 12.Nxe4 c5 13.Nxf6+ Bxf6 14.Ng5 Bxg5 15.Bxb7 Rc7
16.dxc5 Bxc1 17.Raxc1 Rxb7 18.c6 Rc7 19.Rxd7 Rxd7 20.cxd7 Qxd7 21.Rd1 Qe7
22.Qd3 g6 23.Qd6 Re8 24.Qd7 Kf8 25.Qa4 a5 26.Rd7 Qc5 27.Qb5 Qxb5 28.cxb5 Rc8
29.Rb7 a4 30.bxa4 Rc4 31.Rxb6 Rxa4 {#r} 1-0

[Event "It (open)"]
[Site "masterchessopen.com – Corfu (Greece)"]
[Round "0"]
[White "Skalkotas Nikolaos (GRE)"]
[Black "Trivizas Mihail (GRE)"]
[Result "1-0"]
[WhiteElo "2178"]
[BlackElo "2067"]

1.d4 d5 2.Nf3 Nf6 3.c4 e6 4.g3 Be7 5.Bg2 O-O 6.O-O Nbd7 7.Qc2 Re8 8.Rd1 c6
9.Nc3 dxc4 10.Ne5 Nb6 11.Ne4 h6 12.Nc5 Qc7 13.f4 Rd8 14.Be3 Nbd5 15.Bf2 b5
16.e4 Nb4 17.Qe2 Bxc5 18.dxc5 Nd7 19.Qd2 a5 20.a3 Nd3 21.Nxd3 Nf6 22.Qc2 cxd3
23.Rxd3 Bd7 24.Rad1 Be8 25.Rd6 a4 26.Bd4 Nd7 27.Qc3 {#r} 1-0

[Event "Bundesliga 1988/89 (2nd)"]
[Site "masterchessopen.com – Germany"]
[Round "0"]
[White "Mandl Robert (GER)"]
[Black "Riedel Finn (GER)"]
[Result "1-0"]
[WhiteElo "2288"]
[BlackElo "2174"]

1.c4 Nf6 2.Nf3 e6 3.g3 d5 4.Bg2 Be7 5.d4 O-O 6.Qc2 Nbd7 7.O-O c5 8.dxc5 Bxc5
9.cxd5 Nxd5 10.a3 a5 11.Ng5 g6 12.Nc3 Qc7 13.Bd2 Be7 14.Nxd5 Qxc2 15.Nxe7+ Kg7
16.Bc3+ Kh6 17.Ng8+ Kxg5 18.h4+ Kg4 19.Bf3+ Kh3 20.Nh6 {#r} 1-0

[Event "It (open)"]
[Site "masterchessopen.com – Orange (France)"]
[Round "1"]
[White "Popchev Milko (BUL)"]
[Black "Vette V"]
[Result "1-0"]
[WhiteElo "2463"]
[BlackElo "1780"]

1.d4 Nf6 2.g3 d5 3.Bg2 e6 4.c4 Be7 5.Nf3 O-O 6.O-O Nbd7 7.Qc2 c5 8.dxc5 Nxc5
9.Rd1 Qb6 10.Be3 Qc7 11.Nc3 Na6 12.cxd5 Nxd5 13.Bd4 Nab4 14.Qb3 Nxc3 15.Bxc3
Nd5 16.Bd4 Bd7 17.e4 Nb6 18.Rac1 Ba4 19.Rxc7 Bxb3 20.axb3 Bd6 21.Bxb6 axb6
22.Rxd6 h6 23.Rdd7 Ra5 24.Nd4 Re8 25.Rxf7 Rg5 26.Bh3 Re5 27.Rxg7+ Kh8 28.Rh7+
Kg8 29.Rxh6 {#r} 1-0

[Event "It (open)"]
[Site "masterchessopen.com – Valencia (Spain)"]
[Round "0"]
[White "Veingold Aleksandr (EST)"]
[Black "Hidalgo Mena Andres (ESP)"]
[Result "1-0"]
[WhiteElo "2473"]
[BlackElo "2272"]

1.d4 d5 2.Nf3 Nf6 3.c4 e6 4.g3 Be7 5.Bg2 O-O 6.O-O Nbd7 7.Qc2 b6 8.cxd5 exd5
9.Bf4 c5 10.Nc3 Bb7 11.Rad1 Rc8 12.dxc5 bxc5 13.Ne5 Nb6 14.a4 a6 15.a5 Na8
16.Nc4 Qd7 17.Qb3 Rcd8 18.Ne3 Bc6 19.Nexd5 Nxd5 20.Nxd5 Ba4 21.Nxe7+ Qxe7
22.Qxa4 Qxe2 23.Rxd8 {#r} 1-0

[Event "Ch Pan-American"]
[Site "masterchessopen.com – Bariloche (Argentina)"]
[Round "12"]
[White "Scarella Enrique (ARG)"]
[Black "Figari Esteban (PAR)"]
[Result "1-0"]
[WhiteElo "2378"]
[BlackElo "2092"]

1.d4 d5 2.c4 e6 3.Nf3 Nf6 4.g3 Be7 5.Bg2 O-O 6.O-O Nbd7 7.Qc2 b6 8.Nc3 Bb7
9.cxd5 exd5 10.Rd1 c6 11.Qa4 Qc7 12.Bg5 h6 13.Bxf6 Nxf6 14.Rac1 a6 15.Qb3 Qd8
16.Na4 Nd7 17.e4 dxe4 18.Ne5 b5 19.Nxd7 bxa4 20.Qxb7 {#r} 1-0

[Event "It (open) \"]
[Site "masterchessopen.com – Budapest (Hungary)"]
[Round "0"]
[White "Schmidt Peter (GER)"]
[Black "Mandl Robert (GER)"]
[Result "1-0"]
[WhiteElo "1923"]
[BlackElo "2288"]

1.d4 Nf6 2.Nf3 e6 3.g3 d5 4.Bg2 Be7 5.O-O O-O 6.c4 Nbd7 7.Qc2 c6 8.Rd1 b6 9.b3
Ba6 10.Nc3 dxc4 11.bxc4 Bxc4 12.Ne5 Nxe5 13.dxe5 Nd5 14.Bb2 Qc8 15.Ne4 Qa6
16.Nf6+ Nxf6 17.exf6 Bxf6 18.Bxf6 gxf6 19.Rd4 Bxe2 20.Bf1 Bxf1 21.Rg4+ Kh8
22.Qc3 e5 23.Qxc6 {#r} 1-0

[Event "It (open)"]
[Site "masterchessopen.com – Ponferrada (Spain)"]
[Round "1"]
[White "Veingold Aleksandr (EST)"]
[Black "Abuin Bullon Manuel (ESP)"]
[Result "1-0"]
[WhiteElo "2473"]
[BlackElo "2121"]

1.d4 Nf6 2.Nf3 d5 3.c4 e6 4.g3 Be7 5.Bg2 O-O 6.O-O Nbd7 7.Qc2 b6 8.cxd5 exd5
9.Bf4 c5 10.Nc3 Bb7 11.Rad1 Nh5 12.dxc5 Nxf4 13.gxf4 Nxc5 14.Ne5 d4 15.Bxb7
Nxb7 16.Nc6 Qd7 17.Nxe7+ Qxe7 18.Rxd4 Rfd8 19.Rfd1 Rxd4 20.Rxd4 Rd8 21.Nd5 Qe6
22.f5 Qe5 23.e3 Nc5 24.f4 Qb8 25.Ne7+ {#r} 1-0

[Event "It (open)"]
[Site "masterchessopen.com – Baden-Baden (Germany)"]
[Round "0"]
[White "Kabatianski Alexandr (GER)"]
[Black "Niessen Helga (GER)"]
[Result "1-0"]
[WhiteElo "2410"]
[BlackElo "2099"]

1.d4 Nf6 2.Nf3 e6 3.g3 d5 4.Bg2 Be7 5.O-O O-O 6.c4 Nbd7 7.Qc2 c6 8.b3 b6 9.Rd1
Ba6 10.Nbd2 Rc8 11.e4 c5 12.exd5 exd5 13.Qf5 Bb7 14.Bb2 dxc4 15.Nxc4 Qc7 16.d5
Bd6 17.Ng5 h6 18.Ne6 Qb8 19.Nxg7 Kxg7 20.Qxd7 Be5 21.Nxe5 Nxd7 22.Nxd7+ f6
23.Nxb8 {#r} 1-0

[Event "Ch Berlin (juniors) (under 15)"]
[Site "masterchessopen.com – Berlin (Germany)"]
[Round "0"]
[White "Klee Mario (GER)"]
[Black "Richter Wolfgang (GER)"]
[Result "0-1"]
[WhiteElo "2173"]
[BlackElo "2398"]

1.d4 Nf6 2.c4 e6 3.g3 d5 4.Bg2 Be7 5.Nf3 O-O 6.O-O Nbd7 7.Qc2 b6 8.cxd5 exd5
9.Bf4 c5 10.Ne5 Bb7 11.dxc5 bxc5 12.Nc3 Qc8 13.Qb3 Nb6 14.Nb5 a6 15.Nc3 Qe6
16.Rfd1 g5 17.Bxg5 c4 18.Nxc4 dxc4 19.Qc2 Bxg2 20.Kxg2 Bc5 21.Qc1 Ng4 22.Rf1
Rfe8 23.h3 Qc6+ 24.Kg1 Ne5 25.Qf4 Ng6 26.Qg4 Qe6 27.Qh5 Bd4 28.Qh6 Bg7 29.Qh5
Qf5 30.g4 Qe6 31.Rae1 Nd5 32.e4 Ndf4 {#R} 0-1

[Event "It (open)"]
[Site "masterchessopen.com – Mislata (Spain)"]
[Round "2"]
[White "Veingold Aleksandr (EST)"]
[Black "Benavent Espi Vicent (ESP)"]
[Result "1-0"]
[WhiteElo "2465"]
[BlackElo "1950"]

1.d4 Nf6 2.Nf3 e6 3.g3 Be7 4.c4 d5 5.Bg2 O-O 6.O-O Nbd7 7.Qc2 c5 8.Rd1 b6
9.cxd5 exd5 10.Nc3 Bb7 11.Be3 a6 12.Ne5 Re8 13.Nxd7 Qxd7 14.Na4 Qe6 15.dxc5
Rac8 16.b4 Ng4 17.Bd4 Bf6 18.e3 Bxd4 19.Rxd4 b5 20.Nb2 Ne5 21.Rad1 g5 22.Nd3
Nc4 23.Ne1 Rcd8 24.h4 h6 25.hxg5 hxg5 26.Nf3 Qh6 27.e4 Qg6 28.Qc1 {#r} 1-0

[Event "It (open)"]
[Site "masterchessopen.com – Paris (France)"]
[Round "2"]
[White "Giffard Nicolas (FRA)"]
[Black "Lopez De Castro Joseph (FRA)"]
[Result "1-0"]
[WhiteElo "2380"]
[BlackElo "1848"]

1.Nf3 d5 2.g3 Nf6 3.Bg2 e6 4.O-O Be7 5.c4 O-O 6.d4 Nbd7 7.Qc2 Nb6 8.Nbd2 c6
9.b3 a5 10.Bb2 a4 11.e4 a3 12.Bc3 dxc4 13.Nxc4 Nxc4 14.bxc4 b5 15.e5 Nd7
16.cxb5 Nb6 17.bxc6 Qc7 18.Bd2 Ba6 19.Rfc1 Nc4 20.Bg5 Rfc8 21.Bxe7 Qxe7 22.Nd2
Nb2 23.Ne4 Rc7 24.Nd6 Bd3 25.Qb3 h6 26.Rc3 {#r} 1-0